Physical education 1 : (Record no. 363974)
[ view plain ]
| 000 -LEADER | |
|---|---|
| fixed length control field | 00527nam a2200133Ia 4500 |
| 008 - FIXED-LENGTH DATA ELEMENTS--GENERAL INFORMATION | |
| fixed length control field | 200902s9999 xx 000 0 und d |
| 020 ## - INTERNATIONAL STANDARD BOOK NUMBER | |
| International Standard Book Number | 978-621-406-240-9 |
| 100 ## - MAIN ENTRY--PERSONAL NAME | |
| Personal name | Punzalan , Michelle D. |
| 245 ## - TITLE STATEMENT | |
| Statement of responsibility, etc | Michelle Duya Punzalan, Antonio Jardin Habana Jr., Leila C. Crystal, Karen T. Bundalian, Belen T. Dante.-- |
| Title | Physical education 1 : |
| Remainder of title | movement enhancement / |
| 250 ## - EDITION STATEMENT | |
| Edition statement | rev ed. |
| 260 ## - PUBLICATION, DISTRIBUTION, ETC. (IMPRINT) | |
| Place of publication, distribution, etc | Manila : |
| Name of publisher, distributor, etc | Mindshapers Co., Inc. |
| Date of publication, distribution, etc | 2019 |
| 300 ## - PHYSICAL DESCRIPTION | |
| Extent | viii , 148 pages : |
| Other physical details | illustrations ; |
| Dimensions | 23 cm. |
| 650 ## - SUBJECT ADDED ENTRY--TOPICAL TERM | |
| Topical term or geographic name as entry element | Physical education |
| Withdrawn status | Lost status | Damaged status | Home library | Current library | Shelving location | Date acquired | Source of acquisition | Total Checkouts | Full call number | Barcode | Date last seen | Price effective from | Koha item type |
|---|---|---|---|---|---|---|---|---|---|---|---|---|---|
| College Library | College Library | Filipiniana Section | 09/02/2020 | GV 341 .P863m 2019 | C22152 | 09/02/2020 | 09/02/2020 | Books |